000
00197nam a22000857a 4500
999
_c
11738
_d
11738
008
200113b ||||| |||| 00| 0 eng d
020
_a
870441442
100
_a
Robert
_9
7426
245
_a
How Animals Hide